00682nam a2200241 a 4500001001300000003000900013005001700022008004100039020000800080082001300088100002200101245002300123260005000146300000900196500003500205505001000240650002900250700002200279902000800301942000700309952010900316999001500425nice12345678IN_TiNIC20260116011916.0050524s1965 bana grp 000 0 eng  ac300a270bTIM aTimpany, Clarke L aNation in Training aBangalorebChristian Literature Societyc1965 a144p aincludes index and biblioraphy2 aIndex aChurch-History Bangalore1 aTimpany, Clarke L bSRS cBK 001040708StackRoom-aHMIbHMId2007-07-17g3.00l0o270 TIMp08811r2007-07-17v3.00w2005-05-24yBK c4876d4876